000
00190 a2200097 4500
001
5897
100
_a
Ramsey,AD
245
_a
Hydrostatics
260
_a
_b
combridge
_c
090
_c
4814
_d
4814
942
_a
NUST-CAE
_c
M
_c
31172
999
_c
240970
_d
240970